000 00609nam a2200205 4500
001 109610
003 ES-MaACL
005 20230906184857.0
007 t|
008 061121s1953 ja r ||||1| eng d
100 1 _aMitsucka, Tanadari.
_981711
245 1 0 _aCeramic art of Japan /
_cby Tanadari Mitsucka.
260 _aTokyo :
_bJapan Travel Bureau,
_c1953.
300 _a190 p., 38 lám. :
_bil. ;
_c18 cm.
490 1 _aTourist library ;
_v8
710 2 _aJapan Travel Bureau.
_95335
830 0 _aTourist library ;
_v8
_9184006
852 _aES-MaACL
_jC-12579
_bR.40287
999 _c109610
_d109610